Kraje w Kalendarzu Formuły 1 2024 - Statystyki

Ogólne statystyki
  • Ten quiz został rozwiązany 392 razy
  • Średni wynik to 22 z 24
Statystyki odpowiedzi
Runda Kraj % Poprawnych
19 USA
97%
22 USA (GP Las Vegas)
97%
6 USA (GP Miami)
97%
3 Australia
96%
10 Hiszpania
95%
4 Japonia
95%
16 Włochy
94%
7 Włochy (GP Emilii-Romanii)
94%
21 Brazylia
93%
5 Chiny
93%
1 Bahrajn
92%
8 Monako
92%
12 Wielka Brytania
92%
14 Belgia
90%
2 Arabia Saudyjska
89%
20 Meksyk
89%
13 Węgry
89%
15 Holandia
87%
23 Katar
87%
9 Kanada
85%
24 ZEA
85%
11 Austria
84%
18 Singapur
79%
17 Azerbejdżan
73%
Nie znaleziono quizów pasujących do podanych kryteriów
Rozkład punktacji
Procent ludzi z każdym wynikiem
Percentyl według liczby udzielonych odpowiedzi
Twoja historia wyników
Nie rozwiązałeś tego quizu